MDQL
is popping MORE tags! Check the
thread
!
Quizzes
Events
Quiz Creation
Community
Videos
Private Events
Remove Ads
Sign In
Join for FREE
Feedback
Dark Mode
Quiz Categories
Sports
Geography
Music
Movies
Television
Just For Fun
Miscellaneous
History
Literature
Language
Science
Gaming
Entertainment
Religion
Holiday
For Kids
Quiz Lab
Recent
Popular Today
Quiz Kudos Today
Editor Picks
Curator Picks
Quizzes by...
Day
Popularity
Type
Ratings
Length
Year
Community
Subscriptions
Recent Discussions
Orange Saloon
Badges
Playlists
Quests
Create
Leaderboards
Showdown
Live 5
Trivia Bingo
Activity
Puzzle Library
Sporcle Events
Private Events
Virtual Trivia
Globe League
Become a Host
Pub Owners
SporcleCon
Opinionation
Our Games
Videos
Blog
Mobile Apps
Partnerships
Remove Ads and Go Orange
Feedback
Science
Computer
Plants
Astronomy
Chemistry
Elements
Math
Animal
Physics
Anatomy
Biology
Geology
General Science
Science
Computer
Plants
Astronomy
Chemistry
Elements
Math
Animal
Physics
Anatomy
Biology
Geology
General Science
Random Quiz
Search Sporcle
×
Quiz Lab
Quiz Lab
Science
Term
Type in answers that appear in a list
Type in answers that appear in a list
Classic
Best Score? Go Orange.
Testing and Intelligence Stats
Can you name the Testing and Intelligence?
By
PsychProf101
7m
15 Questions
20 Plays
20 Plays
20 Plays
Comments
Comments
Give Quiz Kudos
Give Quiz Kudos
-
- Ratings
hide this ad
Replay
Link that replays current quiz
Next Quiz
Link to next quiz in quiz playlist
You Got
0%
They Got
Avg Score
51%
Avg Friend Score
Upgrade to see
Score Distribution
Jump to the score distribution portion of the page
Score
0/15
Timer
07:00
0
Plays Today
hint
term
% Correct
developed first IQ test
binet
80%
the extent to which a test measures or predicts what it is supposed to
validity
70%
an intelligence that underlies all other specific mental abilities
general intelligence
65%
creator of the multiple intelligence theory
gardner
65%
the extent to which a test yields consistent results
reliability
65%
test that makes prediction about future ability
aptitude test
60%
test that demonstrates learned knowledge or ability
achievement test
60%
created Stanford-
Binet Intelligence Test
terman
55%
hint
term
% Correct
symmetrical, bell-
shaped distribution
normal curve
55%
phenomenon in a overall rise (overtime) in intelligence test scores
flynn effect
50%
created formula to determine IQ
stern
40%
creator of the general intelligence or 'g'
spearman
40%
triarchic theory
sternberg
30%
provides a basis for comparing scores to one another
standardization
25%
emotional intelligence
salovey
10%
Quiz Playlist
Details
Report
Send in Message
Add To Playlist
Classic:
Type in answers that appear in a list
Last Updated: Feb 16, 2017
Quiz Scoreboard
CHALLENGE
Sign Up to Join the Scoreboard
Show All
Scores
Hide
Comments
May contain spoilers
Recently Published
Find the 'City' Movie
by crazypaving
Movies
60s
5x2 Blitz: Bands
by SL_Kpop136
Music
30s
Colored Red Africa Blitz
by spor1
Geography
30s
More to Explore
Quiz From the Vault
Featured Blog Post
14 Easter Pick-up Lines to Find Eggs With
hide this ad
You Might Also Like...
Tags
intelligence
Term
Testing
Today's Top Quizzes in Science
Browse Science
hide this ad
Today's Top Quizzes in Term
Browse Term
Top Contributed Quizzes in Science
1
Glycolysis
2
Square Numbers Scrambled (1-50)
3
Vet Tech Pharmacology Drug Contraindications
4
Missing Vowel Minefield: Lanthanides
5
'C' Flowers II
6
Sorting Squares: Animals by Continent
7
Multiplication table 1-10
8
Amino Acid Groups
9
Astronomy Spelling Bee
10
3-letter Elementary Words
Explore More
Trending Topics
NBA
Kpop
Marvel
Anime
Harry Potter
Crossword
Disney
Puzzle
NFL
Song
WWE
The Office
Pokémon
Soccer
Country
hide this ad
More By:
PsychProf101
Quiz
Plays
Rating
Category
Featured
Created
Famous Psychologists
1,752
5.00
Science
May 19, 2011
Neuroscience - The Neuron
1,731
2.33
Science
May 20, 2011
Neuroscience - Brain Terms
1,489
2.00
Science
May 20, 2011
Research Methods
103
Science
May 20, 2011
Social Psychology
78
Science
Jun 3, 2011
Go to Creator's Profile
Score Distribution
Quiz Creator Spotlight
PsychProf101
Follow
Send a Message
Quizzes Created
-
Created Quiz Play Count
-
More By This Creator
Popular Quizzes Today
1
Colored Red Africa Blitz
2
Find the 'City' Movie
3
5x2 Blitz: Bands
4
Find the US States - No Outlines Minefield
5
The Countries of the World
6
Find the US States
7
US States
8
9x9 Crossword: Cartoon Network
More Science Quizzes
Find the False Animals
Quiz Lab
Trending Quizzes
Colored Red Europe Blitz I
Colored Red Africa Blitz II
Colored Red Europe Blitz II
Colored Red Europe Blitz III
Colored Red Africa Blitz III
Recently Updated
Famous TV Couples
Peacemaker
Champions League XIs: Real Madrid
pecheneg
Largest US Cities 1790-2010
pecheneg
Rides in Walt Disney World
pecheneg
Most Oscar Losses (Acting)
pecheneg
Beyoncé Albums
pecheneg
Leaping Animals
pecheneg
Reality TV Shows (A-Z)
bhenderson79
Rickey Henderson's Hall of Fame Teammates
pecheneg
Champions League XIs: Arsenal
pecheneg
Trending Topics
NBA
Kpop
Harry Potter
Disney
Crossword
Anime
Marvel
WWE
Pokémon
Country
NFL
Puzzle
The Office
Song
Soccer
Your Account Isn't Verified!
In order to create a playlist on Sporcle, you need to verify the email address you used during registration. Go to your
Sporcle Settings
to finish the process.
Report this User
Report this user for behavior that violates our
Community Guidelines
.
Details:
Send Report
Go to the Sporcle.com Mobile Site →
Comments